000 00758nas a2200241 4500
001 BR8803211
003 BR-BrBNA
005 20231205091148.0
007 ta
008 230509b bl.|||p| |||| 00| 00por d
040 _aBR-BrBNA
_bpor
_cBiblioteca Nacional de Agricultura
041 _a(Pt)
072 _aQ60
100 1 _aSturion, A.C.
100 1 _aParazzi, C.
245 1 _aO metodo de prensa hidraulica e a utilizacao do fator de transformacao (coeficientes)da polde caldo extraido em polde caldo absoluto
650 _aCANA DE ACUCAR
650 _aFIBRA
650 _aPROCESSAMENTO
773 0 _tSTAB (Brazil)
_xISSN 0102-1214
_g(Jan-Feb 1985), v. 3(3) p. 27-33
_wBR8803211
909 _a202311
_bLúcia
_c55
_dLúcia Elande
942 _2AGRIS
_n0
_cANA
999 _c123237
_d123237